| 000 | 00557nam a2200181Ia 4500 | ||
|---|---|---|---|
| 008 | 090630s9999 xx 000 0 und d | ||
| 082 | _b12029 | ||
| 100 | _aबांदोडकर गो. पु. | ||
| 245 |
_aपँथर. _cबांदोडकर गो. पु. |
||
| 260 |
_bप्रिया. _c1992 |
||
| 300 | _a252 | ||
| 600 | _aबांदोडकर गो. पु. | ||
| 630 | _aपँथर. | ||
| 655 | _aकादंबरी. | ||
| 700 | _aबांदोडकर गो. पु. | ||
| 730 | _aपँथर. | ||
| 942 | _cBOOK | ||
| 999 |
_c263885 _d263885 |
||